[Event "CRO Team Cup 2019"]
[Site "Losinj"]
[Date "2019.05.18"]
[Round "5.19"]
[White "Blazeka, Matej"]
[Black "Jelcic, Marko"]
[Result "1-0"]
[WhiteElo "2357"]
[BlackElo "2109"]
[Annotator "NA"]
[PlyCount "79"]
[EventDate "2019.05.15"]
[EventType "team-tourn"]
[EventCountry "CRO"]
[SourceTitle "playchess.com"]
[Source "ChessBase"]
[SourceQuality "1"]
[TimeControl "40/5400+30:1800+30"]

1. d4 {[%emt 0:01:30]} d5 {[%emt 0:00:30]} 2. Nc3 {[%emt 0:00:30]} Nf6 {[%emt 0:00:30]} 3. Bf4 {[%emt 0:00:30]} c6 {[%emt 0:00:30]} 4. e3 {[%emt 0:00:30]} Bf5 {[%emt 0:00:30]} 5. f3 {[%emt 0:00:30]} Nbd7 {[%emt 0:04:30]} 6. g4 {[%emt 0:00:30]} Bg6 {[%emt 0:00:30]} 7. h4 {[%emt 0:00:30]} h6 {[%emt 0:00:30]} 8. h5 {[%emt 0:05:30]} Bh7 {[%emt 0:01:30]} 9. Bd3 {[%emt 0:00:30]} Bxd3 {[%emt 0:02:30]} 10. cxd3 {[%emt 0:02:30]} Qb6 {[%emt 0:01:30]} 11. Qd2 {[%emt 0:04:30]} e6 {[%emt 0:01:30]} 12. Nge2 {[%emt 0:00:30]} c5 {[%emt 0:10:30]} 13. dxc5 {[%emt 0:03:30]} Nxc5 {[%emt 0:06:30]} 14. O-O {[%emt 0:01:30]} Bd6 {[%emt 0:03:30]} 15. Bxd6 {[%emt 0:04:30]} Qxd6 {[%emt 0:00:30]} 16. d4 {[%emt 0:00:30]} Na6 {[%emt 0:03:30]} 17. Nf4 {[%emt 0:08:30]} O-O {[%emt 0:02:30]} 18. Rad1 {[%emt 0:03:30]} Nc7 {[%emt 0:08:30]} 19. Rf2 {[%emt 0:05:30]} Rfe8 {[%emt 0:11:30]} 20. Nd3 {[%emt 0:02:30]} Rac8 {[%emt 0:04:30]} 21. Kg2 {[%emt 0:01:30]} Re7 {[%emt 0:04:30]} 22. Rc1 {[%emt 0:00:30]} Qd8 {[%emt 0:01:30]} 23. Qd1 {[%emt 0:11:30]} Nce8 {[%emt 0:00:30]} 24. Rfc2 {[%emt 0:01:30]} Nd6 {[%emt 0:02:30]} 25. b3 {[%emt 0:00:30]} Rec7 {[%emt 0:00:30]} 26. Na4 {[%emt 0:02:30]} b6 {[%emt 0:04:30]} 27. Ne5 {[%emt 0:05:30]} Nd7 {[%emt 0:01:30]} 28. Nc6 {[%emt 0:01:30]} Qg5 {[%emt 0:07:34]} 29. Ne7+ {[%emt 0:00:30]} Qxe7 {[%emt 0:00:14]} 30. Rxc7 {[%emt 0:00:30]} Rxc7 {[%emt 0:00:31]} 31. Rxc7 {[%emt 0:00:00]} Nb5 {[%emt 0:00:00]} 32. Rc8+ {[%emt 0:00:00]} Kh7 {[%emt 0:00:00]} 33. Qd3+ {[%emt 0:00:30]} f5 {[%emt 0:00:00]} 34. Qxb5 {[%emt 0:00:30]} Qg5 {[%emt 0:00:17]} 35. Qd3 {[%emt 0:06:30]} Nf6 {[%emt 0:00:10]} 36. Nc3 {[%emt 0:06:30]} Nxh5 {[%emt 0:01:56]} 37. Nxd5 {[%emt 0:00:30]} g6 {[%emt 0:00:26]} 38. Nf4 {[%emt 0:03:00]} Nxf4+ {[%emt 0:01:33]} 39. exf4 {[%emt 0:00:05]} Qxf4 {[%emt 0:00:08]} 40. Qc2 {[%emt 0:00:15]} 1-0

[Event "CRO Team Cup 2019"]
[Site "Losinj"]
[Date "2019.05.18"]
[Round "5.20"]
[White "Ivankovic, Ivo"]
[Black "Tomic, Stjepan"]
[Result "0-1"]
[WhiteElo "2081"]
[BlackElo "1876"]
[Annotator "NA"]
[PlyCount "92"]
[EventDate "2019.05.15"]
[EventType "team-tourn"]
[EventCountry "CRO"]
[SourceTitle "playchess.com"]
[Source "ChessBase"]
[SourceQuality "1"]
[TimeControl "40/5400+30:1800+30"]

1. c4 {[%emt 0:00:30]} c6 {[%emt 0:00:30]} 2. e4 {[%emt 0:00:00]} d5 {[%emt 0:00:00]} 3. exd5 {[%emt 0:01:00]} cxd5 {[%emt 0:00:00]} 4. d4 {[%emt 0:00:00]} Nf6 {[%emt 0:00:00]} 5. Nc3 {[%emt 0:00:00]} Nc6 {[%emt 0:00:00]} 6. Nf3 {[%emt 0:00:00]} Bg4 {[%emt 0:00:30]} 7. cxd5 {[%emt 0:00:00]} Nxd5 {[%emt 0:00:00]} 8. Qb3 {[%emt 0:00:30]} Bxf3 {[%emt 0:00:00]} 9. gxf3 {[%emt 0:00:30]} e6 {[%emt 0:00:00]} 10. Qxb7 {[%emt 0:00:30]} Nxd4 {[%emt 0:00:00]} 11. Bb5+ {[%emt 0:00:30]} Nxb5 {[%emt 0:00:30]} 12. Qc6+ {[%emt 0:00:30]} Ke7 {[%emt 0:00:00]} 13. Qxb5 {[%emt 0:00:30]} Qd7 {[%emt 0:04:00]} 14. Qxd7+ {[%emt 0:07:30]} Kxd7 {[%emt 0:00:30]} 15. Nxd5 {[%emt 0:00:30]} exd5 {[%emt 0:00:00]} 16. O-O {[%emt 0:03:30]} Bc5 {[%emt 0:01:00]} 17. Be3 {[%emt 0:01:30]} Bxe3 {[%emt 0:06:30]} 18. fxe3 {[%emt 0:00:30]} Rac8 {[%emt 0:01:30]} 19. Rad1 {[%emt 0:02:30]} Ke6 {[%emt 0:00:00]} 20. Rf2 {[%emt 0:01:30]} Rhd8 {[%emt 0:05:00]} 21. Rfd2 {[%emt 0:00:30]} Rc7 {[%emt 0:00:30]} 22. Kf2 {[%emt 0:12:30]} f5 {[%emt 0:06:30]} 23. h4 {[%emt 0:09:30]} g6 {[%emt 0:04:30]} 24. Kg3 {[%emt 0:00:30]} Ke5 {[%emt 0:04:30]} 25. Rd4 {[%emt 0:03:30]} Rc2 {[%emt 0:10:30]} 26. Rb4 {[%emt 0:02:30]} Rdc8 {[%emt 0:03:30]} 27. Rb5 {[%emt 0:10:30]} R8c5 {[%emt 0:00:30]} 28. Rxc5 {[%emt 0:02:30]} Rxc5 {[%emt 0:00:30]} 29. Rd4 {[%emt 0:02:30]} Rb5 {[%emt 0:05:30]} 30. b4 {[%emt 0:01:30]} a5 {[%emt 0:01:30]} 31. a3 {[%emt 0:03:30]} h6 {[%emt 0:04:30]} 32. f4+ {[%emt 0:00:30]} Kf6 {[%emt 0:01:30]} 33. Kf3 {[%emt 0:01:30]} axb4 {[%emt 0:10:30]} 34. axb4 {[%emt 0:00:30]} g5 {[%emt 0:08:30]} 35. hxg5+ {[%emt 0:00:30]} hxg5 {[%emt 0:02:30]} 36. fxg5+ {[%emt 0:00:00]} Kxg5 {[%emt 0:00:30]} 37. Ke2 {[%emt 0:00:00]} Kf6 {[%emt 0:00:30]} 38. Kd3 {[%emt 0:00:30]} Ke6 {[%emt 0:00:30]} 39. Kc3 {[%emt 0:00:00]} Kd6 {[%emt 0:00:30]} 40. Rf4 {[%emt 0:01:00]} Ke5 {[%emt 0:08:13]} 41. Kb3 {[%emt 0:31:30]} Rb8 {[%emt 0:31:57]} 42. Ka4 {[%emt 0:01:30]} Ra8+ {[%emt 0:00:19]} 43. Kb5 {[%emt 0:00:30]} Ra3 {[%emt 0:01:28]} 44. Rf1 {[%emt 0:02:30]} Rxe3 {[%emt 0:01:44]} 45. Rb1 {[%emt 0:00:30]} f4 {[%emt 0:03:07]} 46. Kc6 {[%emt 0:00:30]} f3 {[%emt 0:00:00]} 0-1

[Event "CRO Team Cup 2019"]
[Site "Losinj"]
[Date "2019.05.19"]
[Round "6.1"]
[White "Saric, Ivan"]
[Black "Bosiocic, Marin"]
[Result "0-1"]
[WhiteElo "2694"]
[BlackElo "2618"]
[Annotator "TA"]
[PlyCount "152"]
[EventDate "2019.05.15"]
[EventType "team-tourn"]
[EventCountry "CRO"]
[SourceTitle "playchess.com"]
[Source "ChessBase"]
[SourceQuality "1"]

{[%evp 26,152,26,18,30,0,11,17,20,4,6,5,6,0,0,-12,0,0,0,0,0,0,0,0,0,0,22,18,27,19,37,12,36,15,23,0,0,-18,0,0,0,0,0,0,0,-18,0,0,0,0,0,-65,-47,-118,-102,-116,-27,-21,0,0,0,0,0,-2,0,-145,0,0,0,0,0,-14,-13,-14,-14,-14,-14,-91,-78,-53,-31,-117,-37,-77,-25,-50,-26,-22,-22,-29,0,0,0,0,0,0,0,0,0,0,0,0,0,-50,-42,-87,-85,-148,-147,-137,-138,-154,-118,-171,-150,-210,-152,-182,-105,-729,-706,-706,-604,-584,-437,-437,-437,-1203,-999]} 1. e4 e5 2. Nf3 Nc6 3. Bb5 a6 4. Ba4 Nf6 5. O-O Be7 6. Re1 b5 7. Bb3 d6 8. c3 O-O 9. h3 Bb7 10. d3 Nb8 11. Nbd2 Nbd7 12. Nf1 Nc5 13. Bc2 Re8 14. Ng3 Bf8 {C94: Closed Ruy Lopez: Breyer Variation with 10 d3} 15. Bg5 (15. b4 Ncd7 16. a4 h6 17. d4 d5 18. dxe5 Nxe4 19. axb5 axb5 20. Rxa8 Bxa8 21. Bf4 c5 22. bxc5 Bxc5 23. Be3 Nxc3 {½-½ (41) Vidit,S (2707)-Yu,Y (2760) Liaocheng 2018}) 15... h6 16. Be3 Ncd7 $146 {The position is equal.} ({Predecessor:} 16... g6 17. Qd2 Kh7 18. Nh2 d5 19. exd5 Qxd5 20. f3 Rad8 21. Red1 Ne6 22. Bb3 {0-1 (55) Pille,E (1698)-Duboue,P (2368) Sautron 2015}) 17. c4 bxc4 18. dxc4 Nc5 {[%cal Rf6e4,Bd7c5,Bc5e6,Be6d4][%mdl 32]} 19. Nd2 a5 20. a3 g6 21. b4 axb4 22. axb4 Ne6 23. Nb3 c5 24. b5 Nd4 25. Qd3 Nd7 26. Rxa8 Bxa8 27. Bd2 ({Reject} 27. Bxd4 exd4 28. Ra1 h5 $15) 27... h5 28. Ne2 Be7 29. Nexd4 exd4 30. f4 Bh4 31. Re2 Qc8 32. Bc1 Bb7 33. Nd2 Qa8 34. Nf3 Bf6 35. Bb1 Qa5 36. Ra2 Qb6 37. Nd2 Bg7 38. Qa3 (38. Qf1 $11) 38... Qd8 39. Qa7 (39. Qg3 $15) 39... Qc8 $1 $17 40. Nb3 Bf6 (40... Bxe4 $17 41. Bxe4 Rxe4) 41. Re2 $11 Bd8 42. Bd3 Bb6 43. Qa2 Qa8 44. Qc2 Kg7 45. Bd2 {[#]} (45. Nd2 $11 {remains equal.}) 45... Bc7 (45... f5 $1 $17 {[%cal Rf5e4][%mdl 512]} 46. e5 (46. exf5 Rxe2) 46... Re6) 46. Be1 Qd8 47. Bg3 Qf6 48. Qb1 h4 49. Bh2 Ra8 $36 {[%mdl 2048] White is under pressure.} 50. Kh1 Qe7 51. Bg1 {[#]} (51. Qc1 $11) 51... Nf6 $1 $17 52. Bh2 Nh5 53. Nd2 (53. f5 $15) 53... Ra3 (53... Ba5 $17 54. Nb3 Bb6) 54. Nf1 Qf6 (54... Ba5 $17 {Hoping for ...Bc3.} 55. f5 Bc3) 55. Rf2 Rc3 56. Kg1 Qd8 57. f5 Qg5 58. fxg6 fxg6 59. b6 Bb8 60. Qb5 Qe7 ({But not} 60... Rxd3 $2 61. Qe8 $18) 61. Qb1 Qg5 62. Qd1 Bc6 63. Qf3 {Qf8+ would kill now.} Qe7 64. g4 Nf6 {[%cal Rc6e4]} 65. Nd2 Nd7 66. Bf4 {[#]} ({White should try} 66. Qe2) 66... Ne5 $1 {[%cal Re5f3]} 67. Bxe5+ dxe5 68. Kh2 Bd6 69. Rf1 (69. g5 $17 {is a better defense.}) 69... Ra3 70. Kh1 (70. Kg1 $17) 70... Be8 71. Rb1 Ba4 ({Better is} 71... Ra2 $19 72. Nf1 Qb7) 72. b7 $2 {[%mdl 8192] [#]} (72. Rb2 $17) 72... Bc2 $1 $19 {[%mdl 512] Black is clearly winning.} 73. Bxc2 Rxf3 74. Nxf3 Bb8 75. Bd3 Qf7 76. Ng5 (76. Rf1 $142 Qxb7 77. Rb1) 76... Qf6 {Accuracy: White = 48%, Black = 58%.} 0-1

[Event "CRO Team Cup 2019"]
[Site "Losinj"]
[Date "2019.05.19"]
[Round "6.2"]
[White "Tica, Sven"]
[Black "Markus, Robert"]
[Result "1/2-1/2"]
[WhiteElo "2417"]
[BlackElo "2595"]
[Annotator "TA"]
[PlyCount "46"]
[EventDate "2019.05.15"]
[EventType "team-tourn"]
[EventCountry "CRO"]
[SourceTitle "playchess.com"]
[Source "ChessBase"]
[SourceQuality "1"]

{[%evp 18,46,40,32,21,-8,41,16,31,15,27,3,25,24,13,0,37,0,0,-20,4,-63,-53,-57,-57,-53,-37,-40,-35,-43,-35]} 1. Nf3 Nf6 2. g3 g6 3. Bg2 Bg7 4. O-O O-O 5. d4 d6 6. Re1 Nbd7 7. e4 e5 8. Nc3 c6 9. a4 Re8 10. h3 b6 {B07: Pirc Defence: Miscellaneous Systems} 11. Bg5 h6 $146 ({Predecessor:} 11... Bb7 12. Qd2 Qc7 13. Rad1 a6 14. dxe5 dxe5 15. Qd6 Qxd6 16. Rxd6 h6 17. Bxf6 Nxf6 18. Nd2 {½-½ (80) Kramnik,V (2792)-Grischuk,A (2766) Paris 2018}) 12. Be3 Qc7 {The position is equal.} 13. d5 cxd5 14. exd5 a6 15. Nd2 Bb7 16. Ra3 Rac8 17. Qe2 e4 18. Ndxe4 Nxd5 19. Qd1 (19. Nxd5 $11 Bxd5 20. Nxd6 Qxd6 21. Rd3) 19... Nxc3 {Black is slightly better.} 20. Nxc3 Bxg2 21. Kxg2 Qb7+ 22. f3 Ne5 {[#] And now ...Nc4 would win.} 23. Bf2 Nc4 {Accuracy: White = 41%, Black = 89%.} 1/2-1/2

[Event "CRO Team Cup 2019"]
[Site "Losinj"]
[Date "2019.05.19"]
[Round "6.3"]
[White "Jovanic, Ognjen"]
[Black "Golubovic, Boris"]
[Result "1/2-1/2"]
[WhiteElo "2511"]
[BlackElo "2389"]
[Annotator "TA"]
[PlyCount "95"]
[EventDate "2019.05.15"]
[EventType "team-tourn"]
[EventCountry "CRO"]
[SourceTitle "playchess.com"]
[Source "ChessBase"]
[SourceQuality "1"]

{[%evp 9,95,22,22,33,26,22,43,40,42,39,49,54,92,68,121,102,110,106,167,89,98,64,59,52,60,55,77,88,89,88,89,81,112,104,132,115,136,27,25,33,35,0,4,0,16,11,35,35,35,31,42,8,8,8,6,11,12,0,7,7,8,4,7,0,0,0,0,0,0,0,0,0,0,0,43,43,43,0,0,0,0,0,0,0,0,0,0,0]} 1. d4 Nf6 2. c4 e6 3. Nf3 Bb4+ 4. Bd2 Qe7 5. g3 a5 (5... Nc6 6. Nc3 Bxc3 7. Bxc3 Ne4 8. Rc1 d6 9. d5 Nxc3 10. Rxc3 Nd8 11. Bg2 O-O 12. dxe6 Nxe6 13. O-O Bd7 14. Re1 Rab8 15. e4 b5 16. cxb5 Rxb5 17. b3 a5 18. Bf1 Rc5 19. Rxc5 Nxc5 20. e5 Rb8 21. Qd2 a4 {½-½ (67) Ding,L (2809)-Rapport,R (2726) Shenzhen 2019}) 6. Bg2 {E11: Bogo-Indian} d6 7. O-O Bxd2 8. Qxd2 {White is slightly better.} O-O 9. Nc3 c6 10. e4 Rd8 $146 ({Predecessor:} 10... e5 11. Rfe1 Bg4 12. Nh4 Na6 13. h3 Bd7 14. Nf5 Bxf5 15. exf5 {0-1 (54) Cerveny,M (2359)-Deepan Chakkravarthy,J (2519) Pardubice 2018}) 11. Rad1 Na6 (11... b5 $14) 12. Rfe1 Ne8 13. e5 d5 {[#]} (13... dxe5 $16 {might work better.} 14. Rxe5 (14. Nxe5 f6 $16) 14... Nd6) 14. Bf1 (14. c5 $1 $18) 14... b6 $16 15. Qe3 Nb4 16. Rc1 dxc4 17. Bxc4 Bb7 18. a3 Nd5 19. Nxd5 cxd5 20. Bd3 Rac8 21. Qd2 h6 22. Rxc8 Rxc8 23. Rc1 (23. g4 $16) 23... Rxc1+ $11 24. Qxc1 Qc7 25. Qxc7 (25. Qd2 {is more complex.} Qd7 26. g4 Bc6 27. Kg2 Bb5 28. Bc2) 25... Nxc7 $14 {[%mdl 4096] Endgame KBN-KBN} 26. Kf1 Kf8 27. Ke2 Ke7 28. Ke3 Bc6 29. Nd2 f6 30. exf6+ gxf6 31. f4 Ne8 32. g4 Nd6 33. h4 Bb5 34. Bc2 Kf7 35. b3 Kg7 36. Nf3 Be8 37. f5 exf5 38. Bxf5 Nxf5+ 39. gxf5 $11 {KB-KN} Bh5 40. Ne1 Kf7 41. Nd3 Ke7 42. Nf4 Bf7 43. Ne2 Kd6 {The position is equal.} 44. Nc3 Be8 45. Kf4 Bh5 46. Kg3 Kc6 47. Kf4 Kd6 48. Kg3 {Accuracy: White = 56%, Black = 59%.} 1/2-1/2

[Event "CRO Team Cup 2019"]
[Site "Losinj"]
[Date "2019.05.19"]
[Round "6.4"]
[White "Petrov, Jole"]
[Black "Plenca, Jadranko"]
[Result "1/2-1/2"]
[WhiteElo "2406"]
[BlackElo "2468"]
[Annotator "TA"]
[PlyCount "46"]
[EventDate "2019.05.15"]
[EventType "team-tourn"]
[EventCountry "CRO"]
[SourceTitle "playchess.com"]
[Source "ChessBase"]
[SourceQuality "1"]

{[%evp 12,46,6,3,10,11,15,16,31,33,31,-6,-7,-10,0,-36,-35,-42,-42,-51,-59,-65,-73,-76,-27,-21,-28,-26,0,-17,-22,-14,0,0,0,0,0]} 1. c4 e6 2. d4 Nf6 3. Nf3 d5 4. Nc3 Be7 5. Bf4 O-O 6. e3 Nbd7 7. Be2 dxc4 {D37: Queen's Gambit Declined: 5 Bf4} 8. Bxc4 (8. O-O c5 9. dxc5 Nxc5 10. Bxc4 b6 11. Qc2 Bb7 12. Rfd1 Qc8 13. Nb5 a6 14. Nd6 Bxd6 15. Bxd6 Rd8 16. Rac1 Nce4 17. Bb4 Rxd1+ 18. Qxd1 {1-0 (69) Grischuk,A (2771)-Topalov,V (2740) Shamkir 2019}) 8... c5 9. O-O a6 10. Ne5 Nxe5 11. Bxe5 cxd4 $146 ({Predecessor:} 11... b5 12. Be2 Bb7 13. dxc5 Bxc5 14. Bf3 Qxd1 15. Rfxd1 Bxf3 16. gxf3 {½-½ (49) Schleining,Z (2346)-Schneider,J (2208) Bad Wiessee 2017}) 12. Bxd4 Bd7 13. a4 Bc6 14. Qb3 Qa5 15. f4 Bc5 16. Rfd1 Bxd4 17. Rxd4 e5 18. fxe5 $1 Qxe5 19. Nd5 Ne4 20. Rad1 {The position is equal.} Rae8 21. Nb4 Nc5 22. Nxc6 bxc6 23. Qa3 a5 {Accuracy: White = 64%, Black = 72%.} 1/2-1/2

[Event "CRO Team Cup 2019"]
[Site "Losinj"]
[Date "2019.05.19"]
[Round "6.5"]
[White "Kozul, Zdenko"]
[Black "Livaic, Leon"]
[Result "0-1"]
[WhiteElo "2582"]
[BlackElo "2472"]
[Annotator "TA"]
[PlyCount "68"]
[EventDate "2019.05.15"]
[EventType "team-tourn"]
[EventCountry "CRO"]
[SourceTitle "playchess.com"]
[Source "ChessBase"]
[SourceQuality "1"]

{[%evp 19,68,34,31,10,4,7,18,2,12,-8,21,0,-8,-121,-49,-58,-64,-48,-64,-48,-55,-55,-58,-67,-24,-31,-8,-18,-24,-79,-72,-95,-85,-82,-90,-77,-76,-108,-73,-100,-118,-243,-251,-966,-956,-937,-918,-1014,-997,-1699,-1572]} 1. d4 Nf6 2. c4 e6 3. g3 c5 4. d5 exd5 5. cxd5 d6 6. Nc3 g6 7. Bg2 Bg7 8. Nf3 O-O 9. O-O Nbd7 10. Bf4 Qe7 11. h3 {A62: Modern Benoni: Fianchetto Variation without early ...Nbd7} (11. Re1 Nh5 12. Bg5 f6 13. Bd2 f5 14. Bg5 Ndf6 15. e4 fxe4 16. Nxe4 Qc7 17. Bxf6 Nxf6 18. Neg5 Qb6 {½-½ (29) Vallejo Pons,F (2711)-Ponomariov,R (2709) Tallinn 2016}) 11... Nh5 12. Bg5 f6 13. Bd2 {aiming for g4.The position is equal.} f5 14. Rb1 Ne5 15. Nxe5 $146 ({Predecessor:} 15. Qc1 Nf7 16. b4 b6 17. Re1 Nf6 18. Ng5 Ne5 19. bxc5 bxc5 {0-1 (65) Khokhlova,D (2207)-Eynullayev,A (1919) St Petersburg 2017}) 15... Bxe5 16. b4 (16. Bh6 $11) 16... cxb4 ({Black should try} 16... f4 $1 $17 {[%cal Rf4g3]} 17. g4 Qh4) 17. Rxb4 $15 Nxg3 $1 18. fxg3 {Threatens to win with Rf3.} Bxc3 $1 19. Bxc3 Qe3+ {[%mdl 64] Double Attack} 20. Kh2 Qxc3 21. Rb3 Qe5 22. Qc1 b6 23. Re3 $1 {[%cal Re3e5]} Qf6 24. Qa3 (24. Qc7 $1 $11) 24... Bd7 $36 {[%mdl 2048] Black is on the roll.} 25. Rc1 f4 26. Re4 fxg3+ 27. Qxg3 Rae8 28. Rc7 Bf5 29. Rxe8 Rxe8 30. Bf3 {[#]} (30. e3 $17) 30... Be4 $1 $19 31. Rxa7 $2 (31. Bg4 Bxd5 32. Rc2) 31... Bxf3 {[%mdl 64] Overworked Piece. Black is clearly winning.} 32. Qxf3 {[#]} Qe5+ $1 33. Kg1 Rf8 34. Qg4 Qe3+ {Accuracy: White = 15%, Black = 67%.} 0-1

[Event "CRO Team Cup 2019"]
[Site "Losinj"]
[Date "2019.05.19"]
[Round "6.6"]
[White "Vujakovic, Branko"]
[Black "Stevic, Hrvoje"]
[Result "0-1"]
[WhiteElo "2338"]
[BlackElo "2580"]
[Annotator "TA"]
[PlyCount "54"]
[EventDate "2019.05.15"]
[EventType "team-tourn"]
[EventCountry "CRO"]
[SourceTitle "playchess.com"]
[Source "ChessBase"]
[SourceQuality "1"]

{[%evp 9,54,28,32,39,43,36,34,34,37,40,48,23,32,0,32,16,39,0,2,-20,-12,-19,-19,-17,-12,-22,-28,-14,25,18,18,0,4,-7,-8,-11,-2,-8,-5,-33,-31,-66,-25,-73,-70,-449,-447]} 1. e4 e5 2. Nf3 Nc6 3. Bb5 g6 4. c3 a6 5. Bxc6 dxc6 6. d4 {C60: Ruy Lopez: Unusual Black 3rd moves and 3...g6} exd4 7. cxd4 Bg7 8. Nc3 {White is slightly better.} Ne7 9. h3 h6 10. O-O $146 ({Predecessor:} 10. Bf4 g5 11. Be5 Bxe5 12. Nxe5 {½-½ (23) Saric,I (2695)-Anton Guijarro,D (2642) St Petersburg 2018}) 10... g5 11. Re1 O-O 12. Be3 Ng6 13. d5 cxd5 14. exd5 g4 15. hxg4 Bxg4 16. Bc5 Re8 17. Rxe8+ Qxe8 18. Qd3 Ne5 19. Nxe5 Qxe5 20. Qe3 Re8 $132 {[%mdl 2048] Black has counterplay} 21. Re1 Bd7 22. Qxe5 Bxe5 23. Re4 f5 24. Rh4 Bf6 25. Rxh6 Re1+ 26. Kh2 Kg7 {[%mdl 1024] Black has strong compensation.} 27. Bf8+ $2 {[%mdl 8192] [#]} ({White should try} 27. Rh5 $15) 27... Kxf8 {Accuracy: White = 31%, Black = 74%.} 0-1

[Event "CRO Team Cup 2019"]
[Site "Losinj"]
[Date "2019.05.19"]
[Round "6.7"]
[White "Palac, Mladen"]
[Black "Blazeka, Matej"]
[Result "1-0"]
[WhiteElo "2546"]
[BlackElo "2357"]
[Annotator "TA"]
[PlyCount "101"]
[EventDate "2019.05.15"]
[EventType "team-tourn"]
[EventCountry "CRO"]
[SourceTitle "playchess.com"]
[Source "ChessBase"]
[SourceQuality "1"]

{[%evp 9,101,1,9,13,35,29,41,23,37,18,25,14,14,25,5,0,0,-2,7,6,6,10,5,5,14,14,10,7,29,31,55,55,70,70,64,-8,-3,-9,0,-17,0,0,20,19,18,0,0,0,12,3,8,0,0,0,15,0,0,0,31,24,66,12,11,0,0,0,0,0,0,0,0,0,0,0,0,0,0,0,0,12,29974,29975,29975,29976,29970,29976,29975,29977,29977,29978,29982,29983,29983,0]} 1. e4 c6 2. Nf3 d5 3. exd5 cxd5 4. Ne5 Nc6 5. d4 (5. Bb5 Bd7 6. Nxd7 Qxd7 7. d4 a6 8. Be2 e6 9. c3 Nf6 10. Nd2 Bd6 11. Nf3 O-O {0-1 (51) Duda,J (2737)-So,W (2780) chess.com INT 2018}) 5... Nf6 6. c3 {B10: Caro-Kann: 2 d3 and 2 c4} g6 7. Bb5 Bd7 8. Bd3 $146 {White is slightly better.} ({Predecessor:} 8. Nxd7 Qxd7 9. O-O Bg7 10. Re1 O-O 11. h3 Rfe8 {½-½ (69) Ali Marandi,C (2536)-Alvarez Pedraza,A (2471) Panama City 2017}) 8... Bg7 9. Qe2 Nxe5 10. dxe5 Ne4 11. O-O Qc7 ({Don't play} 11... Bxe5 12. f3 $16) 12. Bf4 Nc5 ({Of course not} 12... Bxe5 $6 13. Bxe5 Qxe5 14. f3 $16) 13. Re1 Nxd3 14. Qxd3 {Threatening e6.} Qb6 15. Qd2 Bf5 16. Be3 Qc7 17. Bd4 O-O 18. Qe3 Bxb1 19. Raxb1 a5 20. e6 $1 Ra6 21. Bxg7 Kxg7 22. Qd4+ (22. exf7 $14 e6 23. Qd4+ Kxf7 24. Re3) 22... f6 $11 23. Qxd5 Rd8 24. Qe4 Rdd6 25. Rbd1 Rxd1 26. Rxd1 {[%mdl 4096] Endgame KQR-KQR} Qc6 27. Re1 Qxe4 28. Rxe4 {KR-KR} Rd6 {( -> ...Rd1+)} 29. g4 b6 30. Re2 g5 31. Kg2 h6 32. f4 f5 33. gxf5 gxf4 {White should prevent ...Kf6.} 34. Kf3 Kf6 35. Kxf4 ({White should try} 35. Ke4 $1 $14 Rc6 36. Rf2 (36. Kxf4 Rc4+ 37. Re4 Rc5 $11)) 35... Rd5 36. Kg3 (36. Rg2 {keeps more tension.} Rxf5+ 37. Ke4 Re5+ 38. Kd3 Rxe6 39. Rf2+) 36... Rxf5 37. Re4 Rg5+ 38. Kf3 Rf5+ 39. Ke3 Re5 40. Kd4 Rxe4+ 41. Kxe4 {And now Kd5 would win.} Kxe6 {KP-KP} 42. a4 h5 43. h4 Kf6 44. Kf4 e5+ $2 {[%mdl 8192]} (44... Ke6 $11) 45. Ke4 {White mates.} Ke6 {[#]} 46. b4 $1 Kd6 47. b5 Ke6 48. c4 Kd6 49. Kf5 Kc5 50. Kxe5 Kxc4 {[#]} 51. Ke4 $2 {[%mdl 32768] Accuracy: White = 58%, Black = 54%. . Sensor Board Error (Ke4/e5)?} (51. Kd6 $1 {mates} Kb3 52. Kc6 Kxa4 53. Kxb6 Kb4 54. Kc6 Kc3 55. b6 Kd3 56. b7) 1-0

[Event "CRO Team Cup 2019"]
[Site "Losinj"]
[Date "2019.05.19"]
[Round "6.8"]
[White "Brumen, Dinko"]
[Black "Zelcic, Robert"]
[Result "0-1"]
[WhiteElo "2320"]
[BlackElo "2516"]
[Annotator "TA"]
[PlyCount "94"]
[EventDate "2019.05.15"]
[EventType "team-tourn"]
[EventCountry "CRO"]
[SourceTitle "playchess.com"]
[Source "ChessBase"]
[SourceQuality "1"]

{[%evp 9,94,-26,-34,-53,-57,-55,-52,-58,-56,-62,-51,-47,-16,-21,-16,-25,-10,-18,-12,-8,0,-10,-10,-34,-28,-40,-36,-31,-35,-65,-57,-54,-51,-90,-84,-110,-100,-141,-120,-142,-116,-140,-96,-96,-99,-147,-136,-230,-182,-314,-177,-215,-185,-195,-193,-216,-184,-184,-189,-359,-354,-433,-201,-280,-321,-300,-170,-206,-208,-212,-216,-480,-339,-334,-321,-5601,-8668,-29977,-29978,-29978,-29978,-29978,-29978,-29978,-29978,-29977,-29977]} 1. e4 c5 2. Nf3 Nf6 3. d3 Nc6 4. c3 Qc7 (4... d5 5. Nbd2 g6 6. exd5 Qxd5 7. Qb3 Bg7 8. d4 Qxb3 9. Nxb3 cxd4 10. Nfxd4 Nxd4 11. Nxd4 O-O 12. Bc4 a6 {½-½ (66) Hasangatin,R (2509)-Motylev,A (2665) Sochi 2017}) 5. Be3 e6 6. h3 {B22: Sicilian: 2 c3} Be7 7. Nbd2 $146 ({Predecessor:} 7. Be2 b6 8. Nbd2 d5 9. Qc2 Ba6 10. a3 O-O 11. O-O Rad8 12. Rfe1 dxe4 13. dxe4 Bxe2 14. Rxe2 {0-1 (60) Suranyi,I-Bokros,N (1894) Hungary 2008}) 7... d5 8. Be2 {Black is slightly better.} O-O 9. Qc2 b6 10. O-O Ba6 11. Rfe1 Rac8 12. Rac1 Qb8 13. Qa4 Qb7 14. Bg5 h6 15. Bh4 dxe4 16. dxe4 Bxe2 17. Rxe2 b5 $36 {[%mdl 2048] Black is pushing.} 18. Qc2 Nh5 19. Bxe7 Nf4 20. Re3 Qxe7 21. e5 {[#]} c4 $1 22. Ne4 Rcd8 23. Rf1 Rd3 24. Rfe1 Rfd8 25. b3 Ng6 26. bxc4 bxc4 27. Ng3 Qc5 28. Re4 (28. Nf1 $17) 28... R8d5 {[%cal Rg6e5]} 29. Qb2 {[#]} (29. R4e3 $142) 29... Kh7 ({Less strong is} 29... Ngxe5 30. Rxe5 Nxe5 31. Qb8+ Qf8 32. Qxf8+ Kxf8 33. Nxe5 $17) (29... Rxf3 $142 $1 {[%mdl 512]} 30. gxf3 Ngxe5) 30. Qb7 Ncxe5 31. Nxe5 Nxe5 ({Don't play} 31... Rxe5 32. Qxf7 Rxg3 33. Rxe5 $17) 32. R4e3 Rxe3 33. Rxe3 Nd7 34. Rf3 $2 (34. Qb1+ {was necessary.} Kg8 35. Qb7) 34... f5 $19 35. Ne2 Ne5 (35... Rd1+ $142 36. Kh2 Qe5+ {[%mdl 64] Double Attack} 37. Ng3 Nf6) 36. Rg3 {[%csl Gg3][%cal Rb7g7]} Rd7 37. Qb1 Rd3 (37... Nd3 $142 38. Re3 Qd5) 38. Qb7 {[%csl Gg3][%cal Rb7g7]} Rxg3 39. Nxg3 {intending Nh5.} Nd3 40. Nh5 $2 (40. Qf3) 40... Qe5 41. Qxa7 Qxc3 42. Qa6 $2 {[#]} (42. Qe3 Qc1+ 43. Qxc1 Nxc1 44. Kf1) 42... Nf4 $1 {[%mdl 576] ( -> ...Qa1+). Decoy} 43. Nxf4 Qc1+ {[%mdl 64] Double Attack. Black mates.} 44. Kh2 Qxf4+ {[%mdl 64] Double Attack} 45. Kg1 c3 46. g3 Qe4 47. Qc8 Qb1+ {[%mdl 64] Double Attack. Accuracy: White = 38%, Black = 67%.} 0-1